000 00685nam a2200241Ia 4500
005 20240409090653.0
008 131103s9999 xx 000 0 und d
020 _a817381113X
_cRs.325.00
040 _aLoreto College
041 _aEnglish
082 _a515.63
_bGHO
100 _aGhosh,Ram Krishna
245 _aVector analysis
_b Vector algebra and vector calculus
_cRam Krishna Ghosh and Kantish Chandra Maity
250 _a7th ed.
260 _aKolkata
_bNew Central Book Agency
_c2011
300 _axvi,350p
504 _aIncludes index
650 _aVector calculus
651 _aVector algebra
700 _aMaity,Kantish Chandra
850 _aLCLIB
942 _cBK
999 _c37521
_d88000